| 000 | 00344nam a2200133Ia 4500 | ||
|---|---|---|---|
| 005 | 20251222141822.0 | ||
| 008 | 251222s9999||||xx |||||||||||||| ||spa|| | ||
| 020 | _a978-84-369-4427-3 | ||
| 082 | _a372.7/C24 | ||
| 100 | _aAzpín López, Alberto | ||
| 245 | 0 | _aAprender Matemáticas: | |
| 264 | _bMinisterio de Educación y Ciencia | ||
| 942 | _cLIB | ||
| 999 |
_c6835 _d6835 |
||